000
00246nam a2200097Ia 4500
001
683350
005
20250826161436.0
008
250824s9999 xx 000 0 und d
245
0
_a
FETİH VE KIYAMET
_c
FERİDUN M. EMECEN
260
_b
TİMAŞ YAYINLARI
999
_c
683350
_d
683350